000 00673nam a2200217Ia 4500
003 GCL
008 140319s9999 xx 000 0 ara d
040 _aGCL /
_cGCL
082 0 4 _a952
_bف ى
100 1 _aفوزى درويش
245 1 0 _aاليابان - الدولة الحديثة والدور الامريكى /
_cفوزى درويش
260 _a[S.N] :
_bلجنة الاعلام والدراسات المستقبلية ،
_c1994
300 _a388 ص
490 _a
650 0 4 _aالعصر الحديث
650 0 4 _aتاريخ
650 0 4 _aاليابان
650 0 4 _aالجغرافيا الطبيعية
650 0 4 _aالشنتو
942 _2ddc
_cBK
999 _c29098
_d29098